Cấu trúc dữ liệu, phân tích toán và phát triển phần mềm

Cung cấp những kiến thức cơ bản, các thuật toán kinh điển gảig những bài toán khác nhau trong tin học , cùng với các phương pháp thông dụng thiết kế thuật toán. trình bày một số nội dung và kiến thức tương đối mới, mà sinh viên ít nhiều...

תיאור מלא

שמור ב:
מידע ביבליוגרפי
מחבר ראשי: Hồ, Thuần
פורמט: ספר
שפה:Undetermined
יצא לאור: Hà Nội Giáo dục Việt Nam 2009
נושאים:
תגים: הוספת תג
אין תגיות, היה/י הראשונ/ה לתייג את הרשומה!
Thư viện lưu trữ: Trung tâm Học liệu Trường Đại học Cần Thơ
LEADER 01139nam a2200205Ia 4500
001 CTU_150941
008 210402s9999 xx 000 0 und d
020 |c 39000 
082 |a 005.73 
082 |b Th502 
100 |a Hồ, Thuần 
245 0 |a Cấu trúc dữ liệu, phân tích toán và phát triển phần mềm 
245 0 |c Hồ Thuần ( Chủ biên), Hồ Cẩm Hà, Trần Thiên Thành 
260 |a Hà Nội 
260 |b Giáo dục Việt Nam 
260 |c 2009 
520 |a Cung cấp những kiến thức cơ bản, các thuật toán kinh điển gảig những bài toán khác nhau trong tin học , cùng với các phương pháp thông dụng thiết kế thuật toán. trình bày một số nội dung và kiến thức tương đối mới, mà sinh viên ít nhiều chưa có dịp làm quen, nghiên cứu. 
650 |a Electronic data processing,Xử lý dữ liệu điện tử 
904 |i Trần Thị Kim Thi 
980 |a Trung tâm Học liệu Trường Đại học Cần Thơ